Používanie vozidiel pri pracovných cestách a daň z motorových vozidiel (II.)

Podľa ustanovenia § 2 ods. 1 zákona č. 361/2014 Z. z. o dani z motorových vozidiel v z. n. p. je predmetom dane vozidlo, ktoré je evidované v SR a používa sa na podnikanie alebo inú samostatnú zárobkovú činnosť v zdaňovacom období. Cestné motorové vozidlo a daň z motorových vozidiel. Zahraničná prac...

Ausführliche Beschreibung

Gespeichert in:
Bibliographische Detailangaben
1. Verfasser: Minková, Ľuboslava
Format: Buchkapitel
Sprache:Slowakisch
Schlagworte:
Tags: Tag hinzufügen
Keine Tags, Fügen Sie das erste Tag hinzu!

MARC

LEADER 00000naa a2200000 4500
001 0304601
005 20241015132642.8
041 0 |a slo 
044 |a SK 
245 1 0 |a Používanie vozidiel pri pracovných cestách a daň z motorových vozidiel (II.)  |c Ľuboslava Minková 
520 |a Podľa ustanovenia § 2 ods. 1 zákona č. 361/2014 Z. z. o dani z motorových vozidiel v z. n. p. je predmetom dane vozidlo, ktoré je evidované v SR a používa sa na podnikanie alebo inú samostatnú zárobkovú činnosť v zdaňovacom období. Cestné motorové vozidlo a daň z motorových vozidiel. Zahraničná pracovná cesta a cestovné náhrady. 
610 2 0 |a vozidlá motorové 
610 2 0 |a cesty pracovné 
610 2 0 |a náhrada cestovného 
610 2 0 |a dane 
610 2 0 |a obdobie zdaňovacie 
610 2 0 |a daňovníci 
610 2 0 |a podnikanie 
610 2 0 |a zákony 
610 2 0 |a legislatíva 
100 1 |a Minková, Ľuboslava